Conversiones electromecánicas : máquinas de CC y de c.a
| Main Author: | |
|---|---|
| Format: | Section = Libro |
| Language: | Undetermined Spanish |
| Published: |
Barcelona
Marcombo-Boixareu
1974
|
| Subjects: |
| LEADER | 00587nam a2200205Ia 4500 | ||
|---|---|---|---|
| 008 | 240829s9999 xx 000 0 und d | ||
| 020 | |a 84-267-0260-0 | ||
| 040 | |a BIBLIOTECA-RUSB/ 621.313 P778 | ||
| 041 | |a spa | ||
| 082 | |a 621.313 P778 | ||
| 100 | 1 | |a Paloujadoff, M. | |
| 245 | 1 | 0 | |a Conversiones electromecánicas : máquinas de CC y de c.a |
| 260 | |a Barcelona |b Marcombo-Boixareu |c 1974 | ||
| 300 | |a 235 p. :il. | ||
| 650 | 7 | |a MAQUINAS ELECTRICAS | |
| 650 | 7 | |b REDES ELECTRICAS | |
| 650 | 7 | |c MAQUINARIAS ELECTRICAS-CORRIENTE CONTINUA | |
| 942 | |c BK |2 ddc | ||
| 991 | |a TEXTO | ||
| 999 | |c 3042 | ||